Embedded real-time systems : concepts, design and programming black book (Record no. 191173)
[ view plain ]
| 000 -LEADER | |
|---|---|
| fixed length control field | 00516nam a2200169Ia 4500 |
| 005 - DATE AND TIME OF LATEST TRANSACTION | |
| control field | 20250403161448.0 |
| 008 - FIXED-LENGTH DATA ELEMENTS--GENERAL INFORMATION | |
| fixed length control field | 231217s9999 xx 000 0 und d |
| 020 ## - INTERNATIONAL STANDARD BOOK NUMBER | |
| International Standard Book Number | 9788177224610 |
| 082 ## - DEWEY DECIMAL CLASSIFICATION NUMBER | |
| Classification number | 621.38195 PRA;12 |
| 100 ## - MAIN ENTRY--PERSONAL NAME | |
| Personal name | Prasad, K V K K. |
| 245 #0 - TITLE STATEMENT | |
| Title | Embedded real-time systems : concepts, design and programming black book |
| 260 ## - PUBLICATION, DISTRIBUTION, ETC. (IMPRINT) | |
| Date of publication, distribution, etc. | 2010 |
| Name of publisher, distributor, etc. | Dreamtech press |
| Place of publication, distribution, etc. | New Delhi |
| 300 ## - PHYSICAL DESCRIPTION | |
| Extent | 639 |
| 500 ## - GENERAL NOTE | |
| General note | Content page available. |
| 650 ## - SUBJECT ADDED ENTRY--TOPICAL TERM | |
| Topical term or geographic name as entry element | Embedded,real-time,concepts,,programming,black |
| 942 ## - ADDED ENTRY ELEMENTS (KOHA) | |
| Koha item type | Books |
| Date last seen | Total Checkouts | Full call number | Accession number | Old discount | Uniform Resource Identifier | Cost, replacement price | Price effective from | Category | Lost status | Damaged status | Department | Withdrawn status | bill no. | bill date | Permanent Location | Current Location | Shelving location | Entry date | Vendor | Cost, normal purchase price | Grants | Currency symbol | Conversion rate | Discount | Discount type |
|---|---|---|---|---|---|---|---|---|---|---|---|---|---|---|---|---|---|---|---|---|---|---|---|---|---|
| 26/01/2024 | 621.38195 PRA;12 | 76670 | 25 | digital/contents/44365.pdf | 276.75 | 26/01/2024 | Books | Information Science | 62162 | 19/06/2015 | Central Library | Central Library | Information Science | 03/01/2011 | Book Paradise | 369.00 | IS/PG | RS | 1 | 92.25 | Rupees |
